| 000 | 00669nam a2200229Ia 4500 | ||
|---|---|---|---|
| 003 | BUBTL | ||
| 008 | 151213s9999 xx 000 0 und d | ||
| 020 | _a0131919660 | ||
| 082 | _a418.007/ B8121p/ 1994 | ||
| 100 |
_aBrown, H. Douglas _94750 |
||
| 245 |
_aPrinciples of Language Learning & Teaching : _cH. Douglas Brown |
||
| 250 | _a3rd Edn | ||
| 260 |
_aU S A _bPrentic Hal Regents Engliwood Cliffs, NJ 07632 _cc1994 |
||
| 300 |
_a[xvi],347p. : _b23 cm |
||
| 500 | _aIncludes Index | ||
| 650 | _aEnglish Language | ||
| 650 | _a | ||
| 700 |
_aH. Douglas Brown _94751 |
||
| 856 |
_k0 _l0 _yDownload |
||
| 942 |
_2ddc _cBK |
||
| 999 |
_c4677 _d4677 |
||